[Event "Orsha op"]
[Site "Orsha"]
[Date "2019.01.22"]
[Round "7"]
[White "Kolosovskaya, Olga"]
[Black "Budnikov, Sergei"]
[Result "1/2-1/2"]
[WhiteElo "1855"]
[BlackElo "2152"]
[PlyCount "103"]
[EventDate "2019.01.18"]
[EventType "swiss"]
[EventRounds "9"]
[EventCountry "BLR"]
[SourceTitle "CBM 188 Extra"]
[Source "ChessBase"]
[SourceDate "2019.02.26"]
[SourceVersion "1"]
[SourceVersionDate "2019.02.26"]
[SourceQuality "1"]

1. d4 d5 2. c4 e6 3. g3 c6 4. Nf3 f5 5. Bg2 Nf6 6. 0-0 Bd6 7. b3 Qe7 8. Bf4 Bxf4 9. gxf4 0-0 10. Ne5 Bd7 11. Nc3 Be8 12. f3 Nbd7 13. Kh1 Rd8 14. c5 Nh5 15. Nxd7 Rxd7 16. e3 Kh8 17. Qe1 Rg8 18. Qf2 g5 19. fxg5 Qxg5 20. f4 Qh6 21. Ne2 Rdg7 22. Bf3 Nf6 23. Rg1 Bh5 24. Rxg7 Rxg7 25. Rg1 Bxf3+ 26. Qxf3 Rxg1+ 27. Kxg1 Qh4 28. Qg3 Qg4 29. Nc3 h5 30. Kg2 h4 31. Qxg4 fxg4 32. b4 a6 33. a4 Kg7 34. b5 axb5 35. axb5 Kg6 36. h3 Kf5 37. b6 gxh3+ 38. Kxh3 Ng4 39. Nd1 Nxe3 40. Nxe3+ Kxf4 41. Nc2 Ke4 42. Kxh4 Kd3 43. Nb4+ Kxd4 44. Nxc6+ Kxc5 45. Nd8 Kxb6 46. Nxe6 Kb5 47. Kg3 Kc4 48. Kf3 Kc3 49. Ke3 b5 50. Nd4 b4 51. Ne2+ Kc4 52. Nd4 1/2-1/2

[Event "Orsha op"]
[Site "Orsha"]
[Date "2019.01.20"]
[Round "4"]
[White "Budnikov, Sergei"]
[Black "Zeliantsova, Kseniya"]
[Result "1/2-1/2"]
[WhiteElo "2152"]
[BlackElo "1858"]
[PlyCount "118"]
[EventDate "2019.01.18"]
[EventType "swiss"]
[EventRounds "9"]
[EventCountry "BLR"]
[SourceTitle "CBM 188 Extra"]
[Source "ChessBase"]
[SourceDate "2019.02.26"]
[SourceVersion "1"]
[SourceVersionDate "2019.02.26"]
[SourceQuality "1"]

1. d4 Nf6 2. Nf3 g6 3. Bf4 Bg7 4. e3 d6 5. Be2 0-0 6. 0-0 Nbd7 7. h3 Qe8 8. Bh2 e5 9. c3 Qe7 10. Na3 Ne8 11. Nc4 e4 12. Nfd2 d5 13. Na5 b6 14. Nab3 f5 15. c4 c6 16. a4 a5 17. c5 bxc5 18. dxc5 Bxb2 19. Rb1 Be5 20. Bxe5 Nxe5 21. Qc2 g5 22. Nd4 f4 23. Rb6 Rf6 24. Rfb1 Qc7 25. Qb3 Qf7 26. Rb8 Rxb8 27. Qxb8 f3 28. gxf3 exf3 29. Bf1 Qc7 30. Qxc7 Nxc7 31. Rb8 Rf8 32. N2xf3 Nxf3+ 33. Nxf3 Ne6 34. Ne5 Nxc5 35. Nxc6 Nxa4 36. Rxc8 Rxc8 37. Ne7+ Kg7 38. Nxc8 Nc3 39. Nd6 Kf6 40. Nb7 a4 41. Nc5 a3 42. Nb3 a2 43. Bd3 h5 44. Kg2 Ke5 45. Kg3 Nd1 46. f4+ Kf6 47. fxg5+ Kxg5 48. h4+ Kf6 49. Kf4 Nc3 50. Na1 Na4 51. Be2 Nc5 52. Bxh5 Ne6+ 53. Kf3 d4 54. e4 d3 55. Ke3 Ke5 56. Bf3 Nd4 57. Bd1 Ne6 58. h5 Ng5 59. Bf3 d2 1/2-1/2

[Event "Orsha op"]
[Site "Orsha"]
[Date "2019.01.20"]
[Round "5"]
[White "Grigoryan, Aram"]
[Black "Budnikov, Sergei"]
[Result "1-0"]
[WhiteElo "1786"]
[BlackElo "2152"]
[PlyCount "77"]
[EventDate "2019.01.18"]
[EventType "swiss"]
[EventRounds "9"]
[EventCountry "BLR"]
[SourceTitle "CBM 188 Extra"]
[Source "ChessBase"]
[SourceDate "2019.02.26"]
[SourceVersion "1"]
[SourceVersionDate "2019.02.26"]
[SourceQuality "1"]

1. d4 Nf6 2. c4 g6 3. Nc3 Bg7 4. e4 d6 5. Be2 0-0 6. Bg5 Na6 7. Nf3 c6 8. 0-0 e5 9. d5 h6 10. Bh4 c5 11. Ne1 Nc7 12. a3 Qe8 13. b4 b6 14. Nd3 Nh7 15. f3 f5 16. a4 g5 17. Bf2 f4 18. Nb5 Nxb5 19. axb5 Bd7 20. bxc5 bxc5 21. Ra6 Rf6 22. Qa1 Rb8 23. Rxa7 h5 24. Qa5 g4 25. Bh4 Rg6 26. Ra1 gxf3 27. Bxf3 Bg4 28. Ne1 Ng5 29. Bxg5 Rxg5 30. Ra8 Kh7 31. Rxb8 Qg6 32. Qd2 h4 33. Ra3 Qh5 34. Bxg4 Qxg4 35. Rf3 h3 36. b6 hxg2 37. b7 Rh5 38. Ra8 Qh4 39. h3 1-0

[Event "Orsha op"]
[Site "Orsha"]
[Date "2019.01.18"]
[Round "1"]
[White "Viikmaa, Karmen"]
[Black "Budnikov, Sergei"]
[Result "1/2-1/2"]
[WhiteElo "1706"]
[BlackElo "2152"]
[PlyCount "46"]
[EventDate "2019.01.18"]
[EventType "swiss"]
[EventRounds "9"]
[EventCountry "BLR"]
[SourceTitle "CBM 188 Extra"]
[Source "ChessBase"]
[SourceDate "2019.02.26"]
[SourceVersion "1"]
[SourceVersionDate "2019.02.26"]
[SourceQuality "1"]

1. Nf3 Nf6 2. g3 d5 3. Bg2 c6 4. 0-0 Bf5 5. d3 e6 6. Re1 Be7 7. Nbd2 0-0 8. c4 h6 9. b3 Nbd7 10. Bb2 Bh7 11. Nf1 Bd6 12. Qd2 Qe7 13. a3 e5 14. b4 d4 15. e3 dxe3 16. Nxe3 Rfd8 17. Nh4 Bc7 18. Nef5 Qf8 19. Ne3 Nb6 20. Bf1 Rd7 21. Qc2 Rad8 22. Rad1 c5 23. Qb3 Nc8 1/2-1/2